00780nam a2200205Ia 4500008004100000020001800041040001800059041000800077100003200085245010800117260004100225300001800266490004000284504005200324600003500376650005100411650002300462700003200485765005700517130821s2011 sp gr dspa  a9788483833544 aCo-BoUCMbspa00aspa1 aSafranski, Rüdigerd1945-10aSchiller o la invención del idealismo alemáncRúdiger Safranski ; traducción de Raúl Gábas aBarcelona (España)bTusQuetsc2011 a568 páginas0 aBiblioteca Rüdiger Safranskiv333 aIncluye bibliografía e índice onomástico.14aSchiller, Friedrichd1759-180504aEscritores alemanesySiglo XVIIIvBiografías04aLiteratura alemana1 aGábas, Raúletraductor.1 tSchiller oder die Erfindung des Deutschen idealismus